<?xml version="1.0" encoding="UTF-8"?>
<record
    xmlns:xsi="http://www.w3.org/2001/XMLSchema-instance"
    xsi:schemaLocation="http://www.loc.gov/MARC21/slim http://www.loc.gov/standards/marcxml/schema/MARC21slim.xsd"
    xmlns="http://www.loc.gov/MARC21/slim">

  <leader>00639nam a22001937a 4500</leader>
  <datafield tag="082" ind1=" " ind2=" ">
    <subfield code="a">297.1229</subfield>
    <subfield code="b">YOU</subfield>
  </datafield>
  <datafield tag="100" ind1=" " ind2=" ">
    <subfield code="a">Sharaf lnovi Aldmshqui bin Abu Zakria Yahya</subfield>
    <subfield code="9">47219</subfield>
  </datafield>
  <datafield tag="245" ind1=" " ind2=" ">
    <subfield code="a">&#x631;&#x6CC;&#x627;&#x636; &#x627;&#x644;&#x635;&#x627;&#x644;&#x62D;&#x6CC;&#x646; &#x644;&#x644;&#x646;&#x648;&#x648;&#x6CC;</subfield>
    <subfield code="c">Abu Zakria Yahya bin Sharaf lnovi Aldmshqui </subfield>
  </datafield>
  <datafield tag="250" ind1=" " ind2=" ">
    <subfield code="a">Vol-I &amp; II</subfield>
  </datafield>
  <datafield tag="260" ind1=" " ind2=" ">
    <subfield code="a">Lahore,</subfield>
    <subfield code="b">Darulsalam,</subfield>
    <subfield code="c">1997.</subfield>
  </datafield>
  <datafield tag="300" ind1=" " ind2=" ">
    <subfield code="a">759 p.:1413 pages,</subfield>
  </datafield>
  <datafield tag="526" ind1=" " ind2=" ">
    <subfield code="a">0</subfield>
    <subfield code="b">0</subfield>
    <subfield code="c">0</subfield>
    <subfield code="d">297_122900000000000_YOU</subfield>
  </datafield>
  <datafield tag="526" ind1=" " ind2=" ">
    <subfield code="a">0</subfield>
    <subfield code="b">0</subfield>
    <subfield code="c">0</subfield>
    <subfield code="d">297_122900000000000_YOU</subfield>
  </datafield>
  <datafield tag="526" ind1=" " ind2=" ">
    <subfield code="a">0</subfield>
    <subfield code="b">0</subfield>
    <subfield code="c">0</subfield>
    <subfield code="d">297_122900000000000_YOU</subfield>
  </datafield>
  <datafield tag="650" ind1=" " ind2=" ">
    <subfield code="a">Alhadeet</subfield>
    <subfield code="9">47220</subfield>
  </datafield>
  <datafield tag="650" ind1=" " ind2=" ">
    <subfield code="a">MCE</subfield>
    <subfield code="9">379</subfield>
  </datafield>
  <datafield tag="700" ind1=" " ind2=" ">
    <subfield code="a">Yousaf, Hafiz Salahhuddin </subfield>
    <subfield code="9">47221</subfield>
  </datafield>
  <datafield tag="942" ind1=" " ind2=" ">
    <subfield code="2">ddc</subfield>
    <subfield code="c">BK</subfield>
  </datafield>
  <datafield tag="999" ind1=" " ind2=" ">
    <subfield code="c">550513</subfield>
    <subfield code="d">550513</subfield>
  </datafield>
  <datafield tag="952" ind1=" " ind2=" ">
    <subfield code="0">0</subfield>
    <subfield code="1">0</subfield>
    <subfield code="2">ddc</subfield>
    <subfield code="4">0</subfield>
    <subfield code="7">0</subfield>
    <subfield code="a">MCE</subfield>
    <subfield code="b">MCE</subfield>
    <subfield code="d">2014-11-13</subfield>
    <subfield code="l">0</subfield>
    <subfield code="o">297.1229 YOU</subfield>
    <subfield code="p">MCE-35108</subfield>
    <subfield code="r">2014-11-13</subfield>
    <subfield code="w">2014-11-13</subfield>
    <subfield code="y">BK</subfield>
  </datafield>
  <datafield tag="952" ind1=" " ind2=" ">
    <subfield code="0">0</subfield>
    <subfield code="1">0</subfield>
    <subfield code="2">ddc</subfield>
    <subfield code="4">0</subfield>
    <subfield code="7">0</subfield>
    <subfield code="a">MCE</subfield>
    <subfield code="b">MCE</subfield>
    <subfield code="d">2020-09-03</subfield>
    <subfield code="l">0</subfield>
    <subfield code="o">297.1229 YOU</subfield>
    <subfield code="p">MCE-51474</subfield>
    <subfield code="r">2020-09-03</subfield>
    <subfield code="w">2020-09-03</subfield>
    <subfield code="y">BK</subfield>
    <subfield code="z">English </subfield>
  </datafield>
  <datafield tag="952" ind1=" " ind2=" ">
    <subfield code="0">0</subfield>
    <subfield code="1">0</subfield>
    <subfield code="2">ddc</subfield>
    <subfield code="4">0</subfield>
    <subfield code="7">0</subfield>
    <subfield code="a">MCE</subfield>
    <subfield code="b">MCE</subfield>
    <subfield code="d">2020-09-03</subfield>
    <subfield code="l">0</subfield>
    <subfield code="o">297.1229 YOU</subfield>
    <subfield code="p">MCE-51475</subfield>
    <subfield code="r">2020-09-03</subfield>
    <subfield code="w">2020-09-03</subfield>
    <subfield code="y">BK</subfield>
    <subfield code="z">English </subfield>
  </datafield>
</record>
